| 000 | 00803cam a2200229 4500 | ||
|---|---|---|---|
| 001 | WB3549-21 | ||
| 008 | 000000n1999 000 0 eng u | ||
| 035 | _a(Sirsi) u103208 | ||
| 245 | 4 | _aThe end of the world as accountants see it? | |
| 260 | _c1999 | ||
| 490 |
_aTimes _v16 December 1999, 31(2) |
||
| 490 |
_aFinancial Times _v16 December 1999, 14(2) |
||
| 520 | _aLooks at the impact of changes to accounting rules for operational leases set out in a discussion paper "Leases: implementation of a new approach" by the Accounting Standards Board. | ||
| 590 | _aWB | ||
| 650 | _aOPERATING LEASES | ||
| 650 | _aACCOUNTING STANDARDS BOARD | ||
| 650 | _aBALANCE SHEETS | ||
| 650 | _aDISCUSSION PAPERS | ||
| 650 | _aREFORM | ||
| 690 | _aPROPERTY-PROPERTY FINANCE AND INVESTMENT | ||
| 942 | _n0 | ||
| 999 |
_c62032 _d62032 |
||